000 00998nam a2200289 i 4500
003 DO-SdBNP
005 20231116103421.0
007 ta
008 110413s2023 dr 000 p spa d
020 _a9789945484574
040 _aDO-SdBNP
_bspa
_cBNPHU
_erda
082 4 _aRD861.5
_bR696e
_222
100 1 _aRodríguez, Marlex
_912719
_d1991-
_eautora
245 1 0 _aEso de cielo :
_bpoesía /
_cMarlex Rodríguez
264 1 _aSan Cristóbal, República Dominicana :
_bFLAM,
_c2023.
300 _a84 páginas ;
_c22 cm.
336 _2rdacontent
_atexto
_btxt
337 _2rdamedia
_asin mediación
_bn
338 _2rdacarrier
_avolumen
_bnc
500 _aIncluye datos biográficos de la autora en la solapa de la cubierta
590 _aInventariado, 2023/ YL
650 4 _aPoesía dominicana
650 4 _aLiteratura dominicana
710 1 _aFundación Literaria Aníbal Montaño (República Dominicana)
_972768
910 _aYLockward/Validado. Control de calidad MFF
942 _2ddc
_cLBS1
999 _c54697
_d54697